<?xml version="1.0" encoding="UTF-8"?><?xml-stylesheet type="text/xsl" href="static/style.xsl"?><OAI-PMH xmlns="http://www.openarchives.org/OAI/2.0/" xmlns:xsi="http://www.w3.org/2001/XMLSchema-instance" xsi:schemaLocation="http://www.openarchives.org/OAI/2.0/ http://www.openarchives.org/OAI/2.0/OAI-PMH.xsd"><responseDate>2026-06-06T17:58:56Z</responseDate><request verb="GetRecord" identifier="oai:riuma.uma.es:10630/23085" metadataPrefix="marc">https://riuma.uma.es/rest/oai/request</request><GetRecord><record><header><identifier>oai:riuma.uma.es:10630/23085</identifier><datestamp>2026-02-03T12:55:42Z</datestamp><setSpec>com_10630_22985</setSpec><setSpec>com_10630_3139</setSpec><setSpec>com_10630_10</setSpec><setSpec>col_10630_22988</setSpec></header><metadata><record xmlns="http://www.loc.gov/MARC21/slim" xmlns:dcterms="http://purl.org/dc/terms/" xmlns:doc="http://www.lyncode.com/xoai" xmlns:xsi="http://www.w3.org/2001/XMLSchema-instance" xsi:schemaLocation="http://www.loc.gov/MARC21/slim http://www.loc.gov/standards/marcxml/schema/MARC21slim.xsd">
   <leader>00925njm 22002777a 4500</leader>
   <datafield ind2=" " ind1=" " tag="042">
      <subfield code="a">dc</subfield>
   </datafield>
   <datafield ind2=" " ind1=" " tag="720">
      <subfield code="a">Raposo-Rivas, Manuela</subfield>
      <subfield code="e">author</subfield>
   </datafield>
   <datafield ind2=" " ind1=" " tag="720">
      <subfield code="a">Quadros-Flores, Paula Alves de</subfield>
      <subfield code="e">author</subfield>
   </datafield>
   <datafield ind2=" " ind1=" " tag="260">
      <subfield code="c">2017</subfield>
   </datafield>
   <datafield ind2=" " ind1=" " tag="520">
      <subfield code="a">A inclusão de Tecnologias da Informação e da Comunicação na educação impulsionou uma dinâmica de reconstrução de paradigma com impacto na identidade profissional docente, pelo que urge refletir sobre as implicações nos modos de ensinar, compreendendo como as escolas estão a responder à integração das TIC, e como os professores têm renovado as suas práticas. A informação apresentada faz parte de um estudo realizado numa região de Portugal, envolvendo cerca de 2000 professores do 1º Ciclo do Ensino Básico. Foram aplicados dois questionários: um para compreender a relação com a tecnologia nas práticas pedagógicas e outro centrado nas boas práticas. Os resultados mostram que existe uma dinâmica que impulsiona um movimento positivo na utilização de ferramentas digitais à qual os professores e escola começam a responder. Também que a inclusão de tecnologias digitais desenha etapas para a re criação pedagógica, pelo que existem escolas e professores ainda num patamar básico de descoberta adaptando a metodologia tradicional aos novos recursos e outros, jánuma etapa de mudança, de recriação de práticas educativas com novas metodologias. Conclui-se uma visão clara da necessidade de renovação da identidade profissional docente na era digital.</subfield>
   </datafield>
   <datafield ind1="8" ind2=" " tag="024">
      <subfield code="a">Quadros-Flores, P. A. de, &amp; Raposo-Rivas, M. (2017). A inclusão de tecnologias digitais na educação: (re)construção da identidade profissional docente na prática. Revista Prácticum, 2(2), 2-17. https://doi.org/10.24310/RevPracticumrep.v2i2.9855</subfield>
   </datafield>
   <datafield ind1="8" ind2=" " tag="024">
      <subfield code="a">https://hdl.handle.net/10630/23085</subfield>
   </datafield>
   <datafield ind1="8" ind2=" " tag="024">
      <subfield code="a">https://doi.org/10.24310/RevPracticumrep.v2i2.9855</subfield>
   </datafield>
   <datafield tag="653" ind2=" " ind1=" ">
      <subfield code="a">Tecnologías de la información</subfield>
   </datafield>
   <datafield tag="653" ind2=" " ind1=" ">
      <subfield code="a">Enseñanza -- Portugal</subfield>
   </datafield>
   <datafield tag="653" ind2=" " ind1=" ">
      <subfield code="a">Enseñanza -- Metodología</subfield>
   </datafield>
   <datafield ind2="0" ind1="0" tag="245">
      <subfield code="a">A inclusão de tecnologias digitais na edu- cação: (re)construção da identidade profissio- nal docente na prática</subfield>
   </datafield>
</record>
</metadata></record></GetRecord></OAI-PMH>